| 000 | 00411nam a2200157Ia 4500 | ||
|---|---|---|---|
| 005 | 20241106120135.0 | ||
| 008 | 240126s9999 xx 000 0 und d | ||
| 020 | _a9789388423434 | ||
| 082 | _a153.852 STO;1 R | ||
| 100 | _aStovall, Jim. Hull, Ray H. | ||
| 245 | 4 | _aThe art of influence : your competitive edge | |
| 260 |
_bJaico Pub. _aAhmedabad _c2018 |
||
| 300 | _a194 | ||
| 440 | _aNULL | ||
| 942 | _cPU | ||
| 999 |
_c288893 _d288893 |
||